01169nam a2200193Ia 4500001001000000003001000010008004100020040002500061041001300086100003100099245005300130250001100183260008500194300002800279500026000307501011400567520026000681650003400941L235-7826IT-CnALBA170116s9999||||xx |||||||||||||| ||und|| aIT-CnALBAcIT-CnALBA aITALIANO aROSCHINI P. GABRIELE, OSM. 0aCON MARIA. ESEMPI DI DEVOZIONE ALLA VERGINE SS.  a1a ed. a MILANO BOLOGNAbANCORA EDITRICE c1944 [1° Ed.:1944 - Ed.Ling.Originale: 1944] a306 p. (prefazione: 56) aDONO DI D. CHIAVARINO SSP. S. GIUSEPPE. S. GIOVANNI EVANGELISTA. S. EFREM SIRO. GIOVANNI DAMASCENO. S. BERNARDO. S. BONAVENTURA. SETTE FONDATORI DEI SERVI DI MARIA. S. FILIPPO BENIZI. S. BERNARDINO DA SIENA. S. FRANCESCO DI SALES. PIETRO DE BERULLE. GIOVA aSocietà San Paolo EM - Piazza San Paolo, 14 - 12051 ALBA (CN) (non commercial uses only) ® Copyright 2017 aDONO DI D. CHIAVARINO SSP. S. GIUSEPPE. S. GIOVANNI EVANGELISTA. S. EFREM SIRO. GIOVANNI DAMASCENO. S. BERNARDO. S. BONAVENTURA. SETTE FONDATORI DEI SERVI DI MARIA. S. FILIPPO BENIZI. S. BERNARDINO DA SIENA. S. FRANCESCO DI SALES. PIETRO DE BERULLE. GIOVA aMARIA SS. ANGELI SANTI DEMONI